Statistics for Game of Thrones - Current Great Houses

Click here to take the quiz!

General Stats

  • This quiz has been taken 736 times
  • The average score is 10 of 12

Answer Stats

HintAnswer% Correct
Exiled HouseHouse Stark
100%
Great HouseHouse Lannister
99%
Great HouseHouse Tyrell
98%
Great HouseHouse Baratheon
97%
Great HouseHouse Martell
95%
Exiled HouseHouse Targaryen
94%
Exiled HouseHouse Tully
94%
Great HouseHouse Greyjoy
89%
Great HouseHouse Arryn
87%
Great HouseHouse Bolton
83%
Snubbed HouseHouse Frey
74%
Great HouseHouse Baelish
31%

Score Distribution

Percentile by Number Answered

Percent of People with Each Score

Your Score History

You have not taken this quiz